| 000 | 01002nam a2200217Ii 4500 | ||
|---|---|---|---|
| 003 | JO-AjNU | ||
| 008 | 230605s9999||||xx |||||||||||||| ||und|| | ||
| 017 | _a2010/24781 | ||
| 040 |
_aJO-AjNU _bara _erda _cJO-AjNU |
||
| 041 | _aara | ||
| 050 | 1 | 4 | _aHF5549.5 2011 |
| 100 | 3 |
_aالمنظمة العربية للتنمية الادارية, _eauthor _934409 |
|
| 245 | 0 | 0 | _aتنمية الموارد البشرية في القطاع العام : الواقع والتطلعات والتحديات |
| 264 | 3 | 1 | _aالقاهرة: المنظمة العربية للتنمية الادارية، 2011 |
| 300 |
_a358ص _bبحوث واوراق عمل مؤتمر ( ادارة وتنمية الموارد البشرية في القطاع العام)، يحتوي على ببلوغرافية358ص |
||
| 336 |
_atext _btxt _2rdacontent |
||
| 337 |
_aunmediated _bn _2rdamedia |
||
| 338 |
_avolume _bnc _2rdacarrier |
||
| 490 | 0 | _aاعمال مؤتمرات | |
| 650 | 4 |
_aموارد بشرية - تنمية _934410 |
|
| 999 |
_aA14106 _c17674 _d17674 |
||